LEADER 00994nam a2200229 u 4500 001 000000005566 003 CaOOAMICUS 005 20070226104757.0 008 941013s1953 it ac u000 u ita u 035 $a10142944 040 $aPUL(R)$bita 100 1 $aRossi, Giuseppe Carlo,$d1908-$0(OLS)http://pul/name/5745 245 10$aStoria della letteratura portoghese /$cdi Giuseppe Carlo Rossi. 260 $aFirenze :$bG. C. Sansoni,$c1953. 300 $axi, 353 p. :$billus., ports. ;$c22 cm 650 4$aLetteratura portoghese$xStoria.$0(OLS)http://pul/subject/5033 650 0$aPortuguese literature$xHistory and criticism.$2//eng$0(OLS)http://pul/subject/5034 850 $aPUL 852 $aPUL$W1$xDP1 Fondo Cecchetti$y53$m293 A 30$j7801$nBK-PRI$b $qFondi$B7801$CPULBib$Z2$F7801 $HPUL3201 $81 941 1 $a1 996 $6245$aStoria della letteratura portoghese$9(OLS)http://pul/title/8159 996 $6260$aFirenze :$bG. C. Sansoni$9(OLS)http://pul/publisher/48488 LEADER 01320nam a2200301 a 4500 001 000000128987 003 CaOOAMICUS 005 20150924094722.0 008 120522s2012 it u000 u ita r 020 $a978-88-311-7394-0 040 $aPUL$bita 082 04$a370.9 245 00$aPassione educativa :$bun itinerario storico tra i maestri del pensiero /$cAntonio Sabetta (ed.) 260 $aRoma :$bCittà Nuova,$c©2012. 300 $a393 p.$c21 cm 504 $aBibliografia in nota. 650 4$aEducazione$xStoria.$0(OLS)http://pul/subject/2739 700 1 $aSabetta, Antonio,$csacerdote,$d1972-$0(OLS)http://pul/name/49966 850 $aPUL 852 $aPUL$W1$xSL Diritto e Scienze Sociali 3$y79$m370. 9 SABAN 1$j149364$qDDC 21$B147900$CPULBib$Z2$F147900 $H119806 $82 852 $aPUL$W1$xDP1 Fondo S. Lanza$y121$m4 A 79$j163048$qFondi$B169624$CPULBib$Z2$F169624 $HLAN2510 $82 941 1 $a9 941 1 $a1 996 $6020$a978-88-311-7394-0$9(OLS)http://pul/number/149746 996 $6082$a370.9$9(OLS)http://pul/classification/1736 996 $6245$aPassione educativa :$bun itinerario storico tra i maestri del pensiero$9(OLS)http://pul/title/162993 996 $6260$aRoma :$bCittà Nuova$9(OLS)http://pul/publisher/47927